00956cam a22002651 4500952013100000999001700131001000800148003000900156005001700165008004100182010001700223035001900240040003600259042001200295050001900307082001300326245010400339260004600443300003600489610003000525651004700555700003100602906004500633942001200678 00102ddc40718NFICaASLbASLcGENd2021-02-04eASB Collectionl0o954 AFHp105254r2021-02-04 00:00:00tC-1w2021-02-04yBK c21530d215306926614BDDh-ASL20231015030013.0820113s1943 ii 000 0 eng  a 44001264  a(OCoLC)8061662 aDLCcOKentUdCLUdDLCdBDDh-ASL apremarc00aDS480.45b.H35 0a954bAFH00aHas Congress failed?bA historical survey of the years 1918-1939 /cby a student of public affairs. aBombay:bThe Times of India press,c1943. acover title, 83, [1] p.c19 cm.20aIndian National Congress. 0aIndiaxPolitics and governmenty1919-1947.0 aStudent of public affairs. a7bcbccoclcrplduencipf19gy-gencatlg 2ddccBK